Województwa Polski bez samogłosek - Statystyki

Ogólne statystyki
  • Ten quiz został rozwiązany 11 razy
  • Średni wynik to 15 z 16
Statystyki odpowiedzi
Wskazówka Województwo % Poprawnych
DLNŚLSK Dolnośląskie
100%
KJWSKPMRSK Kujawsko - pomorskie
100%
ŁDZK Łódzkie
100%
LBLSK Lubelskie
100%
LBSK Lubuskie
100%
MŁPLSK Małopolskie
100%
MZWCK Mazowieckie
100%
PDKRPCK Podkarpackie
100%
PDLSK Podlaskie
100%
PMRSK Pomorskie
100%
ŚLSK Śląskie
100%
ŚWTKRZSK Świętokrzyskie
88%
WLKPLSK Wielkopolskie
88%
PLSK Opolskie
75%
WRMŃSKMZRSK Warmińsko - mazurskie
75%
ZCHDNPMRSK Zachodniopomorskie
75%
Nie znaleziono quizów pasujących do podanych kryteriów
Rozkład punktacji
Procent ludzi z każdym wynikiem
Percentyl według liczby udzielonych odpowiedzi
Twoja historia wyników
Nie rozwiązałeś tego quizu